000 00188 a2200097 4500
001 12168
100 _aPasha,S.A
245 _aBukhara
260 _a
_bSang-e-Meel
_c
090 _c9374
_d9374
942 _aNUST-CAE
_cM
_c36238
999 _c247241
_d247241